000
00279nam a2200133Ia 4500
100
_a
Baker & Kozaeka
942
_c
BK
654
_a
tools
245
_a
Carbide cutting tools
260
_b
Taraporevala Sons & Co
_c
2001
082
_a
621.9
300
_a
416
546
_a
ENGLISH
999
_c
33312
_d
33312